Statistics for Countries with most UNESCO historical sites

Click here to take the quiz!

General Stats

  • This quiz has been taken 73 times
  • The average score is 18 of 20

Answer Stats

Total numberCountry% Correct
52China
99%
53Italy
96%
21Japan
96%
34Mexico
96%
31United Kingdom
96%
23United States
96%
43France
94%
28Russia
94%
42Germany
93%
21Brazil
92%
18Greece
92%
46Spain
90%
36India
89%
19Australia
87%
18Canada
87%
15Portugal
86%
16Turkey
86%
22Iran
83%
15Poland
76%
15Sweden
73%

Score Distribution

Percentile by Number Answered

Percent of People with Each Score

Your Score History

You have not taken this quiz